| 000 | 03972cam a22003738a 4500 | ||
|---|---|---|---|
| 001 | 15152308 | ||
| 005 | 20080215172654.0 | ||
| 008 | 080124s2008 nyu b 001 0 eng | ||
| 010 | _a2008003042 | ||
| 020 | _a9780415451840 (hbk : alk. paper) | ||
| 020 | _a9780415451864 (pbk : alk. paper) | ||
| 020 | _a0415451841 (hbk : alk. paper) | ||
| 020 | _a0415451868 (pbk : alk. paper) | ||
| 040 |
_aDLC _cDLC _dDLC |
||
| 050 | 0 | 0 |
_aHT166 _b.W676 2008 |
| 082 | 0 | 0 |
_a307.1216 _222 _bWOR |
| 245 | 0 | 0 |
_aWorld Cities and Urban Form : _bFragmented, Polycentric, Sustainable? / _cedited by Mike Jenks, Daniel Kozak and Pattaranan Takkanon. |
| 260 |
_aNew York : _bRoutledge, _cc2008. |
||
| 263 | _a0805 | ||
| 300 |
_aix, 373 p. : _bill., maps ; _c26 cm. |
||
| 504 | _aIncludes bibliographical references and index. | ||
| 505 | 0 | _aIntroduction : world cities and urban form / Mike Jenks, Daniel Kozak and Pattaranan Takkanon -- What is a "world class" city? : comparing conceptual specifications of cities in the context of a global urban network / Ben Derudder and Frank Witlox -- Globalisation and the forms of cities / Peter Marcuse -- The world city hypothesis revisited : export and import of urbanity is a dangerous business / Darko Radovic -- Sustainability and the "world class" city : what is being sustained and for who? / Judy Rogers -- Polycentrism and "defragmentation" : towards a more sustainable urban form? / Mike Jenks and Daniel Kozak -- Promoting sustainable urban form : implementing urban consolidation policies around the Helsinki metropolitan region / Olli Maijala and Rauno Sairinen -- Spatial disparities based on human and social capital / Natasa Urbancikova and Oto Hudec -- The model Barcelona : 1979-2004 and beyond / Jaume Carne and Aleksandar Ivancic -- Sustainable "world class" cities and glocal sprawl in Southeast Asian metropolitans / Sidh Sintusingha -- Quality of life and spatial urban forms of mega-city regions in Japan / Kiyonobu Kaido and Jeahyun Kwon -- Global integration, growth patterns and sustainable development : a case study of the peri-urban area of Shanghai / Jiaping Wu -- Taichung the waiting metropolis and its campaign towards a "world class" city : a case of glocollision, glocoalition or glocalisation? / Shih-wei Lo -- "World class" Vancouver : a terminal city re-imagined / May So -- Planning a "world class" city without zoning : the experience of Houston / Zhou Qian -- Aspects of urban fragmentation -- Assessing urban fragmentation : the emergence of new typologies in central Buenos Aires / Daniel Kozak -- Tracking sustainable urban forms and material flows in Singapore / Perry Pei-Ju Yang -- The right to the city : stakeholder perspectives of greater Cairo metropolitan communities / Wael Salah Fahmi -- "World class" living? / Nuttinee Karnchanaporn and Apradee Kasemsook -- Bangkok's struggle to achieve a successful transportation system / Wapen Charoentrakulpeeti and Willi Zimmerman -- To be or not to be a "world class" city? : poverty and urban form in Paris and Bucharest / Oana-Liliana Pavel -- Inner truth of the slums in mega cities : a scenario from India / Vijay Neekhra, Takashi Onishi and T. Kidokoro -- Conclusion : the form of cities to come? / Mike Jenks, Daniel Kozak and Pattaranana Takkanon. | |
| 650 | 0 |
_aCity planning _vCase studies. _97267 |
|
| 650 | 0 |
_aCities and towns _xGrowth _vCase studies. _97268 |
|
| 650 | 0 |
_aMetropolitan areas _vCase studies. _97269 |
|
| 650 | 0 |
_aUrban policy _vCase studies. _97270 |
|
| 650 | 0 |
_aSustainable development _vCase studies. _97271 |
|
| 700 | 1 |
_aJenks, M. _q(Michael) _97272 |
|
| 700 | 1 |
_aKozak, Daniel. _97273 |
|
| 700 | 1 |
_aTakkanon, Pattaranan. _97274 |
|
| 942 |
_2ddc _cBB |
||
| 999 |
_c12126 _d12126 |
||